|
|
|
|
| LEADER |
00950cam a2200253 7i4500 |
| 001 |
0000089074 |
| 005 |
20250909090000.0 |
| 020 |
|
|
|a 9780323855150 (electronic book)
|
| 090 |
0 |
0 |
|a TA347.F5
|b .A75 2024
|
| 100 |
1 |
|
|a Aragon, Alejandro M
|
| 245 |
1 |
0 |
|a Fundamentals of enriched finite element methods
|c Alejandro M. Aragon, C. Armando Duarte.
|
| 264 |
|
|
|a Amsterdam:
|b Elsevier,
|c 2024.
|
| 300 |
|
|
|a 1 online resource (xiv, 312 pages):
|b illustrations, text file, PDF.
|
| 336 |
|
|
|a text
|2 rdacontent
|
| 337 |
|
|
|a computer
|2 rdamedia
|
| 338 |
|
|
|a online resource
|2 rdacarrier
|
| 650 |
|
0 |
|a Engineering mathematics
|
| 650 |
|
0 |
|a Finite element method
|
| 655 |
|
0 |
|a Electronic books
|
| 700 |
1 |
|
|a Duarte, C. Armando
|
| 856 |
4 |
2 |
|u http://library.unisel.edu.my/web/guest/mylibrary
|
| 997 |
|
|
|a Engineering & Life Sciences, Faculty
|b Engineering, Department
|
| 998 |
|
|
|a Civil Engineering, Diploma
|
| 999 |
|
|
|a EBO0026247
|b EBOOK
|c EBOOK
|e Electronic resources
|